[Event "Let's Play Chess!"]
[Site "http://www.queenalice.com/game.php?id=1816800"]
[Date "2023.7.22"]
[Round "-"]
[White "igor12345"]
[Black "aurelianobuendia"]
[Result "1-0"]
[WhiteElo "2000"]
[BlackElo "1287"]

1. e4 e5 2. f4 f6 3. f5 d5 4. Qh5+ Ke7 5. b3 Qd6 6. Ba3 c5 7. Nc3 dxe4 8. Nxe4
Qd5 9. Nxc5 Kd8 10. Bb5 Bd7 11. Bxd7 Bxc5 12. Qe8+ Kc7 13. Qc8+ Kb6 14. Qd8+ Ka6
15. c4 Qe4+ 16. Ne2 Qxg2 17. Bb5# 1-0

[Event "Let's Play Chess!"]
[Site "http://www.queenalice.com/game.php?id=1816882"]
[Date "2023.7.22"]
[Round "-"]
[White "Charles56"]
[Black "aurelianobuendia"]
[Result "0-1"]
[WhiteElo "1643"]
[BlackElo "1285"]

1. d4 d5 2. h3 Nc6 3. e3 e5 4. dxe5 Nxe5 5. a3 c6 6. Be2 f5 7. Nc3 Nf6 8. f4 Nc4
9. b3 Nb6 10. g4 Ne4 11. Nxe4 fxe4 12. Bb2 Qh4+ 13. Kd2 Qg3 14. g5 g6 15. Bf1
Bc5 16. Qe2 O-O 17. b4 Nc4+ 18. Kc1 Bxe3+ 19. Kb1 Rxf4 20. Bf6 Bg4 21. hxg4 Bxg1
22. Ka2 Rxf6 23. Bh3 Qxa3+ 24. Kb1 Qb2# 0-1

[Event "Let's Play Chess!"]
[Site "http://www.queenalice.com/game.php?id=1816883"]
[Date "2023.7.22"]
[Round "-"]
[White "aurelianobuendia"]
[Black "Charles56"]
[Result "1-0"]
[WhiteElo "1309"]
[BlackElo "1592"]

1. d4 d5 2. c4 dxc4 3. Qa4+ Nc6 4. Qxc4 h6 5. e4 a6 6. Nc3 Bg4 7. Be2 Bxe2 8.
Ngxe2 e6 9. a3 Be7 10. d5 exd5 11. exd5 Ne5 12. Qe4 Qd6 13. Bf4 Bf6 14. O-O Ne7
15. Rad1 N7g6 16. Bxe5 Bxe5 17. f4 Qc5+ 18. Rd4 O-O 19. fxe5 Rae8 20. e6 c6 21.
exf7+ Kh7 22. fxe8=Q Rxe8 23. Qxe8 cxd5 24. Rf3 b5 25. Rg3 Qd6 26. Rxd5 Qb6+ 27.
Nd4 Nf4 28. Rd7 Ne2+ 29. Nxe2 1-0

[Event "Let's Play Chess!"]
[Site "http://www.queenalice.com/game.php?id=1816884"]
[Date "2023.7.22"]
[Round "-"]
[White "Charles56"]
[Black "aurelianobuendia"]
[Result "1-0"]
[WhiteElo "1566"]
[BlackElo "1315"]

1. Nc3 d5 2. d4 Nc6 3. Bg5 h6 4. Bh4 g5 5. Bg3 f6 6. e3 e5 7. dxe5 fxe5 8. Bb5
e4 9. f3 Nf6 10. fxe4 dxe4 11. Qxd8+ Kxd8 12. O-O-O+ Bd6 13. Bxd6 Bg4 14. Be5+
Ke7 15. Bxf6+ Kxf6 16. Nxe4+ Kf5 17. Ng3+ Ke5 18. e4 Bxd1 19. Kxd1 Rhd8+ 20. Kc1
Na5 21. Bd3 a6 22. Nf3+ Kf4 23. Rf1 Ke3 24. Nf5+ Kf4 25. Nxh6 Rd6 26. g3+ Ke3
27. Ng4# 1-0

[Event "Let's Play Chess!"]
[Site "http://www.queenalice.com/game.php?id=1819624"]
[Date "2023.8.27"]
[Round "-"]
[White "igor12345"]
[Black "aurelianobuendia"]
[Result "1-0"]
[WhiteElo "1901"]
[BlackElo "1353"]

1. e4 e5 2. f4 Nc6 3. Nf3 d5 4. exd5 Qxd5 5. Nc3 Qe6 6. fxe5 Nxe5 7. Qe2 Bd7 8.
Qxe5 Qxe5+ 9. Nxe5 Be6 10. Bb5+ c6 11. Be2 Bd6 12. d4 O-O-O 13. O-O f6 14. Nf3
Ne7 15. Be3 Nf5 16. Bf2 Bf4 17. Nd1 Rd5 18. c4 Rd6 19. c5 Rd7 20. g4 Nh6 21. h3
f5 22. gxf5 Bxf5 23. Kg2 Re8 24. Bc4 Be4 25. Nc3 Bxf3+ 26. Kxf3 Rf7 27. Bxf7 Re7
28. Bc4 Bg5 29. Rae1 Rd7 30. Ne4 Nf5 31. Be6 Nh4+ 32. Ke2 Ng2 33. Nxg5 Kc7 34.
Bxd7 Kxd7 35. Rd1 Nf4+ 36. Kf3 Nd5 37. a3 a5 38. Ne4 Ke6 39. Ng5+ Kf5 40. h4 h6
41. Nh3 g5 42. hxg5 hxg5 43. Rg1 g4+ 44. Rxg4 Nf6 45. Rg5+ Ke6 46. Re1+ Kf7 47.
Kf4 a4 48. Kf5 Nh7 49. Rg6 Nf8 50. Ng5# 1-0

[Event "Let's Play Chess!"]
[Site "http://www.queenalice.com/game.php?id=1819626"]
[Date "2023.8.27"]
[Round "-"]
[White "aurelianobuendia"]
[Black "igor12345"]
[Result "0-1"]
[WhiteElo "1355"]
[BlackElo "1899"]

1. e4 c5 2. c3 d5 3. e5 c4 4. d4 Nc6 5. Ne2 Bg4 6. f3 Bd7 7. Nf4 e6 8. g3 Be7 9.
Nh5 g6 10. Ng7+ Kf8 11. Nxe6+ Bxe6 12. Bg2 Kg7 13. O-O f5 14. exf6+ Nxf6 15. Qd2
h5 16. Re1 Qd7 17. b3 b5 18. b4 Nd8 19. f4 Bd6 20. h3 Bxh3 21. f5 Bxg2 22. fxg6
Be4 23. Qf2 Bxg6 24. Bg5 Rf8 25. Rf1 Ne4 26. Qe2 Nxg5 27. Qg2 Be4 28. Qh2 Nf3+
29. Rxf3 Bxf3 30. Nd2 Qg4 31. Rf1 Be2 32. Re1 Bd3 33. Qg2 Qxg3 34. Qxg3+ Bxg3
35. Re3 Bf4 36. Rh3 Bxd2 37. Rxh5 Be4 38. Re5 Kf6 39. Kf2 Rg8 40. a3 Bxc3 41.
Ke3 Rg3+ 42. Kf4 Rf3+ 43. Kg4 Nf7 44. Rh5 Bxd4 45. a4 Ne5+ 46. Kh4 Bf2# 0-1

[Event "AUTO-OPEN-4469"]
[Site "http://www.queenalice.com/game.php?id=1819831"]
[Date "2023.8.29"]
[Round "1"]
[White "SGF"]
[Black "aurelianobuendia"]
[Result "1-0"]
[WhiteElo "1755"]
[BlackElo "1334"]

1. e4 e5 2. Qf3 Nf6 3. d3 d5 4. Be2 Bc5 5. Bg5 d4 6. a3 Qd7 7. h3 h6 8. Bxf6 Bf8
9. Bxe5 c5 10. Qg3 Qe6 11. Bxb8 Rxb8 12. Qxb8 Bd6 13. Qxa7 O-O 14. Bg4 Qf6 15.
Bxc8 Rxc8 16. Qxb7 Rb8 17. Qd7 Rxb2 18. a4 Rxc2 19. Ne2 c4 20. dxc4 d3 21. Nec3
Qxf2+ 22. Kd1 Bb4 23. Qxd3 Rb2 24. Qd8+ Kh7 25. Qd3 Bxc3 26. e5+ g6 27. Qxc3
Qxg2 28. Re1 Rf2 29. Nd2 Qh2 30. a5 Qf4 31. a6 Qh4 32. a7 Qd8 33. a8=Q 1-0

[Event "AUTO-OPEN-4469"]
[Site "http://www.queenalice.com/game.php?id=1819832"]
[Date "2023.8.29"]
[Round "1"]
[White "aurelianobuendia"]
[Black "SGF"]
[Result "0-1"]
[WhiteElo "1336"]
[BlackElo "1737"]

1. e4 e5 2. d4 Qf6 3. d5 Bc5 4. Be3 Bxe3 5. fxe3 Qh4+ 6. Kd2 Qxe4 7. Nc3 Qb4 8.
a3 Qxb2 9. Ne4 Nf6 10. Bd3 Nxd5 11. Ne2 Qb6 12. Rb1 Qxe3+ 13. Ke1 Nf4 14. Rg1
Nxe2 15. Qxe2 Qxg1+ 16. Qf1 Qxh2 17. Ng5 Qg3+ 18. Ke2 Qxg5 19. Rb5 d6 20. Bc4
O-O 21. Rb3 Be6 22. Bxe6 fxe6 23. Rf3 Rxf3 24. Qxf3 Nc6 25. c4 Nd4+ 0-1

[Event "AUTO-OPEN-4469"]
[Site "http://www.queenalice.com/game.php?id=1819859"]
[Date "2023.8.29"]
[Round "1"]
[White "clovis"]
[Black "aurelianobuendia"]
[Result "1-0"]
[WhiteElo "1957"]
[BlackElo "1332"]

1. e4 e5 2. Nf3 Nc6 3. Bc4 Nf6 4. Ng5 Bc5 5. Bxf7+ Kf8 6. Bb3 h6 7. Nf7 Qe8 8.
Nxh8 Nxe4 9. O-O Qe7 10. Ng6+ Ke8 11. Nxe7 Nxe7 12. c3 b5 13. d4 exd4 14. cxd4
Bb6 15. Re1 d5 16. Bxd5 Nxd5 17. Rxe4+ Ne7 18. Nc3 Bb7 19. d5 Rd8 20. Qe2 Bc5
21. Bf4 Rd7 22. Re1 Kd8 23. Nxb5 Nxd5 24. Re8# 1-0

[Event "AUTO-OPEN-4469"]
[Site "http://www.queenalice.com/game.php?id=1819860"]
[Date "2023.8.29"]
[Round "1"]
[White "aurelianobuendia"]
[Black "clovis"]
[Result "0-1"]
[WhiteElo "1326"]
[BlackElo "1944"]

1. e4 e5 2. d4 exd4 3. Qxd4 Nf6 4. Bc4 Nc6 5. Qe3 Bb4+ 6. c3 Ba5 7. Qf4 O-O 8.
Nf3 Nxe4 9. Qg4 d5 10. Qf4 dxc4 11. Qxe4 Re8 12. Ne5 Rxe5 13. Qxe5 Nxe5 14. O-O
Nd3 15. Be3 Bf5 16. b3 Qf6 17. bxc4 Bxc3 18. Nxc3 Qg6 19. g3 Ne5 20. Kg2 Be4+
21. f3 Bc6 22. Rf2 Nxc4 23. Bf4 Re8 24. Ne2 Qg4 25. h3 Qxf3+ 26. Rxf3 Rxe2+ 27.
Kf1 Bxf3 28. Rc1 b5 29. Bxc7 Ne3+ 30. Kg1 Rg2+ 31. Kh1 Rc2+ 32. Kg1 Rxc1+ 33.
Kf2 Rxc7 34. Kxf3 Nd5 35. g4 b4 0-1

[Event "AUTO-INT-3838"]
[Site "http://www.queenalice.com/game.php?id=1820098"]
[Date "2023.9.1"]
[Round "1"]
[White "aurelianobuendia"]
[Black "Jomaley"]
[Result "1-0"]
[WhiteElo "1313"]
[BlackElo "1430"]

1. e4 e5 2. d4 Bd6 3. d5 c6 4. Bc4 b5 5. Bb3 a5 6. dxc6 dxc6 7. h3 h5 8. Nf3 a4
9. Nbd2 axb3 10. Nxb3 Bb4+ 11. Bd2 Bxd2+ 12. Nbxd2 f6 13. O-O g5 14. c3 g4 15.
hxg4 Bxg4 16. Qe2 Nd7 17. Rad1 h4 18. Nb3 h3 19. gxh3 Rxh3 20. Rd3 Rxa2 21. Rfd1
Nh6 22. Rxd7 Qb6 23. R7d3 Bxf3 24. Rxf3 Rxf3 25. Qxf3 Ke7 26. Qh3 Nf7 27. Rd7+
Ke8 28. Qe6+ Kf8 29. Qxf7# 1-0

[Event "AUTO-INT-3838"]
[Site "http://www.queenalice.com/game.php?id=1820099"]
[Date "2023.9.1"]
[Round "1"]
[White "Jomaley"]
[Black "aurelianobuendia"]
[Result "1-0"]
[WhiteElo "1447"]
[BlackElo "1351"]

1. e4 d5 2. Bd3 e5 3. exd5 Qxd5 4. f3 Bc5 5. Qe2 Nf6 6. c4 Qd4 7. Nc3 Ng4 8.
fxg4 Bxg4 9. Qe3 Nc6 10. Qxd4 Bxd4 11. h3 Be6 12. b3 O-O-O 13. Bb2 Nb4 14. Be4
f5 15. Nge2 fxe4 16. O-O-O Nd3+ 17. Kc2 Rhf8 18. Nxd4 Rxd4 19. Nb5 Nb4+ 20. Kb1
a6 21. Nxd4 Re8 22. g4 exd4 23. Bxd4 Nd3 24. Bxg7 Bd7 25. g5 Bf5 26. h4 e3 27.
dxe3 Nf2+ 28. Kc1 Rxe3 29. Rhf1 Rc3+ 30. Bxc3 Ne4 31. Rxf5 b6 32. Kc2 c5 33. Rf7
h5 34. g6 Nxc3 35. Kxc3 a5 36. Rf8+ Kb7 37. g7 Kc6 38. g8=Q b5 39. cxb5+ Kxb5
40. Qc4+ Kb6 41. Rd6+ Kc7 42. Qa6 c4 43. Rf7+ Kb8 44. Rd8# 1-0

[Event "AUTO-INT-3838"]
[Site "http://www.queenalice.com/game.php?id=1820100"]
[Date "2023.9.1"]
[Round "1"]
[White "aurelianobuendia"]
[Black "kamikaze"]
[Result "0-1"]
[WhiteElo "1317"]
[BlackElo "1621"]

1. d4 d5 2. Nc3 Nf6 3. e3 a6 4. g3 e6 5. Nf3 Bd6 6. Qd3 c5 7. Bh3 c4 8. Qd2 Nc6
9. O-O O-O 10. Re1 Ne7 11. b3 b5 12. bxc4 bxc4 13. Rb1 Bd7 14. Ne5 Be8 15. e4
dxe4 16. Nxe4 Nxe4 17. Rxe4 Qc7 18. Qg5 Nd5 19. Rg4 f6 20. Qf4 Nxf4 21. Rxf4
fxe5 22. Bxe6+ Bf7 23. Bxf7+ Rxf7 24. Rg4 Qd7 25. h3 Raf8 26. dxe5 Bxe5 27. Rb6
Qd1+ 28. Kg2 Qxc1 29. Rxa6 Qxc2 30. Re6 Qxf2+ 31. Kh1 Qf1+ 32. Kh2 Rf2# 0-1

[Event "AUTO-INT-3838"]
[Site "http://www.queenalice.com/game.php?id=1820101"]
[Date "2023.9.1"]
[Round "1"]
[White "kamikaze"]
[Black "aurelianobuendia"]
[Result "1-0"]
[WhiteElo "1603"]
[BlackElo "1324"]

1. d4 d5 2. c4 e6 3. a3 Nc6 4. Nf3 Nf6 5. cxd5 Qxd5 6. Nc3 Qd6 7. e4 e5 8. d5
Ne7 9. Be2 Bg4 10. Bd2 O-O-O 11. Nb5 Qb6 12. Nc3 c6 13. Nxe5 Rg8 14. Nxg4 cxd5
15. e5 Nxg4 16. Bxg4+ Kb8 17. Rb1 Ng6 18. O-O Qd4 19. Bg5 Qxd1 20. Rbxd1 Be7 21.
Bxe7 Nxe7 22. Bf3 d4 23. Nb5 d3 24. Nd6 Rd7 25. Rxd3 Rgd8 26. Rfd1 Ng6 27. Rb3
b6 28. Bg4 Re7 29. Nc4 Rc8 30. Bxc8 Kxc8 31. Nd6+ Kc7 32. Rc3+ Kb8 33. Rc8# 1-0

[Event "AUTO-INT-3838"]
[Site "http://www.queenalice.com/game.php?id=1820102"]
[Date "2023.9.1"]
[Round "1"]
[White "aurelianobuendia"]
[Black "Olipika"]
[Result "0-1"]
[WhiteElo "1319"]
[BlackElo "1786"]

1. d4 Nf6 2. Nc3 g6 3. e4 d5 4. exd5 Nxd5 5. Qf3 Nxc3 6. Qxc3 Bg7 7. Qf3 O-O 8.
Be3 c5 9. O-O-O Qb6 10. Qf4 Nc6 11. c3 cxd4 12. cxd4 Nb4 13. d5 Nxa2+ 14. Kd2
Qxb2+ 15. Ke1 Bc3+ 16. Bd2 Bxd2+ 17. Qxd2 Qxd2+ 18. Rxd2 Nc3 19. Nf3 Bg4 20. Ne5
Bf5 21. Bd3 Ne4 22. Re2 Nd6 23. f4 a6 24. Re3 b5 25. g4 Bxd3 26. Rxd3 a5 27. Nc6
Nc8 28. Kf2 a4 29. Re1 a3 30. Nd4 Nd6 31. Nb3 Ra7 32. Nd4 a2 33. Nb3 Rfa8 34. h4
a1=Q 35. Nxa1 Rxa1 36. Rxe7 R1a2+ 37. Ke3 Nc4+ 38. Kd4 R8a4 39. Kc5 Na3 40. d6
Rc2+ 41. Kd5 Kf8 42. f5 Ra6 43. f6 Rc8 44. Ke4 Nc4 45. d7 Rd8 46. Kd5 Rxf6 47.
Kc5 Kxe7 48. Kxb5 Ne5 49. Re3 Re6 50. Rc3 Rxd7 51. Rc5 Nxg4 52. Rc6 Rxc6 53. h5
gxh5 54. Kxc6 h4 55. Kb6 h3 56. Kc6 h2 0-1

[Event "AUTO-INT-3838"]
[Site "http://www.queenalice.com/game.php?id=1820103"]
[Date "2023.9.1"]
[Round "1"]
[White "Olipika"]
[Black "aurelianobuendia"]
[Result "1-0"]
[WhiteElo "1745"]
[BlackElo "1330"]

1. c4 e5 2. g3 d6 3. Bg2 Qf6 4. Nc3 c6 5. Ne4 d5 6. Nxf6+ Nxf6 7. cxd5 Nxd5 8.
d3 Bc5 9. Nf3 f6 10. O-O O-O 11. Qb3 b6 12. Nh4 Be6 13. e4 Nc7 14. Qc2 Nba6 15.
a3 Nb5 16. b4 Bd4 17. Bb2 Rad8 18. Nf5 Rd7 19. Nxd4 Nxd4 20. Bxd4 Nb8 21. Bb2
Rfd8 22. Rad1 Na6 23. Qxc6 Rd6 24. Qc2 Bg4 25. Rd2 Rc8 26. Qa4 Nb8 27. Rc1 Nc6
28. b5 Ne7 29. Rxc8+ Nxc8 30. d4 Bd7 31. Qb4 Be6 32. dxe5 Rxd2 33. Qxd2 Ne7 34.
exf6 gxf6 35. Bxf6 Ng6 36. Qh6 1-0

[Event "Challenge"]
[Site "http://www.queenalice.com/game.php?id=1820368"]
[Date "2023.9.6"]
[Round "-"]
[White "Esvir"]
[Black "aurelianobuendia"]
[Result "1-0"]
[WhiteElo "1994"]
[BlackElo "1328"]

1. e4 d5 2. exd5 Qxd5 3. Nc3 Qf5 4. Nf3 e5 5. d3 Nc6 6. Be2 Bc5 7. Nd5 Bd6 8.
Nh4 Qe6 9. c4 Bd7 10. O-O O-O-O 11. a3 Nd4 12. b4 e4 13. Re1 Qe5 14. Bg4 Nf6 15.
Bf4 Qe8 16. dxe4 Bxf4 17. Bxd7+ Rxd7 18. Qxd4 Qe5 19. Qxa7 Nxe4 20. Qa8# 1-0

[Event "Let's Play Chess!"]
[Site "http://www.queenalice.com/game.php?id=1823503"]
[Date "2023.10.23"]
[Round "-"]
[White "igor12345"]
[Black "aurelianobuendia"]
[Result "1-0"]
[WhiteElo "1996"]
[BlackElo "1337"]

1. e4 e5 2. f4 Qh4+ 3. g3 Qf6 4. f5 g6 5. fxg6 fxg6 6. Bc4 Bc5 7. Nf3 d6 8. Nc3
Nh6 9. Nd5 Qg7 10. c3 c6 11. Ne3 Qf6 12. Rf1 Bh3 13. d4 exd4 14. cxd4 Bxf1 15.
Nxf1 Bb4+ 16. N1d2 Nd7 17. a3 Ba5 18. b4 Bb6 19. Bb2 1-0

[Event "Let's Play Chess!"]
[Site "http://www.queenalice.com/game.php?id=1823504"]
[Date "2023.10.23"]
[Round "-"]
[White "aurelianobuendia"]
[Black "igor12345"]
[Result "0-1"]
[WhiteElo "1339"]
[BlackElo "1994"]

1. e4 c5 2. c3 d6 3. h3 Nf6 4. d3 h6 5. d4 Nxe4 6. d5 a6 7. Bd3 Nf6 8. Nf3 b5 9.
O-O g6 10. c4 Bb7 11. Nc3 bxc4 12. Bxc4 Bg7 13. g4 O-O 14. g5 hxg5 15. Bxg5 Nbd7
16. Bh4 Nb6 17. Bd3 Nbxd5 18. Bc4 Nf4 19. Bg5 Nxh3+ 0-1

[Event "Let's Play Chess!"]
[Site "http://www.queenalice.com/game.php?id=1827547"]
[Date "2023.12.26"]
[Round "-"]
[White "aurelianobuendia"]
[Black "igor12345"]
[Result "0-1"]
[WhiteElo "1330"]
[BlackElo "2051"]

1. e4 c5 2. d4 cxd4 3. e5 Nc6 4. Bf4 e6 5. Nf3 Bb4+ 6. c3 dxc3 7. bxc3 Bc5 8. c4
Nd4 9. Nxd4 Ne7 10. Nb5 a6 11. Nd6+ Bxd6 12. exd6 Ng6 13. Bg3 O-O 14. Bd3 Qa5+
15. Qd2 Qc5 16. O-O f6 17. Nc3 e5 18. Bxg6 hxg6 19. a4 b6 20. Qd3 Bb7 21. Rfc1
Rfc8 22. Rd1 Qxc4 23. Rac1 Qxd3 24. Rxd3 Rc4 25. Ra1 Rac8 26. Ne2 Rc2 27. Re3
Rd2 28. a5 Rxd6 29. Nc1 b5 30. h3 Rdc6 31. Nd3 Rc3 32. Rd1 d5 33. Nb4 Rxe3 34.
fxe3 Rc4 35. Nxd5 Bxd5 36. Rxd5 Ra4 37. Be1 b4 38. Rd8+ Kh7 39. g4 g5 40. Rd5 b3
41. Bb4 Rxb4 42. Rd1 Ra4 43. Rb1 Ra3 44. e4 Rxa5 45. Rxb3 Ra4 46. Re3 a5 47. Kf1
Ra2 48. Re2 Ra3 49. Kf2 Rxh3 50. Re3 Rh2+ 51. Kg3 Ra2 52. Kf3 a4 53. Rc3 a3 54.
Ke3 Ra1 55. Kd3 Rg1 56. Rxa3 Rg3+ 57. Kc4 Rxa3 58. Kd5 Rd3+ 59. Ke6 Kg6 60. Ke7
Rd4 61. Kf8 Rxe4 62. Ke7 Rxg4 63. Kf8 e4 64. Kg8 e3 65. Kf8 Re4 66. Kg8 Re8# 0-1

[Event "Let's Play Chess!"]
[Site "http://www.queenalice.com/game.php?id=1827737"]
[Date "2023.12.26"]
[Round "-"]
[White "aurelianobuendia"]
[Black "Scar"]
[Result "0-1"]
[WhiteElo "1335"]
[BlackElo "1665"]

1. d4 d5 2. c4 dxc4 3. Qa4+ c6 4. Qxc4 Nf6 5. e3 Be6 6. Qb4 b5 7. Nc3 Nd5 8. Qc5
Qd7 9. Nxd5 Na6 10. Qa3 Qb7 11. Nf4 Bd7 12. e4 e6 13. Qg3 c5 14. Nf3 Qxe4+ 15.
Be2 cxd4 16. Nd3 O-O-O 17. O-O Qxe2 18. Nxd4 Qe4 19. Nb3 g6 20. Ne5 Be8 21. Bf4
Bd6 22. Nc6 Bxc6 23. f3 Qxf4 24. Qxf4 Bxf4 25. Rfc1 Kc7 26. Na5 Bxc1 27. Rxc1
Nb8 28. b3 Rd2 29. a3 Rhd8 30. Rc3 f5 31. b4 e5 32. h3 e4 33. fxe4 fxe4 34. Nb3
Rd1+ 35. Kh2 Rf8 36. Nc5 Kb6 37. Kg3 h5 38. Ne6 Re8 39. Nf4 g5 40. Nxh5 e3 41.
Nf6 Rf8 42. Ng4 e2 43. Ne3 e1=Q+ 44. Kg4 Qh4# 0-1

[Event "Let's Play Chess!"]
[Site "http://www.queenalice.com/game.php?id=1827834"]
[Date "2023.12.26"]
[Round "-"]
[White "igor12345"]
[Black "aurelianobuendia"]
[Result "1-0"]
[WhiteElo "1982"]
[BlackElo "1332"]

1. e4 e5 2. f4 d5 3. exd5 Qxd5 4. Nc3 Qd4 5. d3 Bc5 6. Qe2 Nf6 7. Nf3 Qd8 8.
Nxe5 O-O 9. Be3 Bd6 10. O-O-O Bxe5 11. fxe5 Ng4 12. d4 Nc6 13. h3 Nxe3 14. Qxe3
Bf5 15. g4 Bg6 16. h4 f5 17. h5 Bf7 18. gxf5 Nb4 19. a3 Nc6 20. h6 g6 21. f6 Qd5
22. Nxd5 Bxd5 23. Rh2 Rad8 24. c4 Bf7 25. d5 Na5 26. e6 Nxc4 27. Bxc4 c6 28. e7
Rfe8 29. exd8=Q Rxd8 30. Qe7 Re8 31. Qxb7 a5 32. dxc6 Rf8 33. Rd7 Bxc4 34. Rg7+
Kh8 35. Rxh7+ Kg8 36. Qg7# 1-0